| 000 | 00000nas##2200000za#4500 |
| 001 | 9.514166 |
| 003 | CaOODSP |
| 005 | 20200325124913 |
| 007 | ta |
| 008 | 150406c2001||||xxc|| p #||||f| |0eng|d |
| 040 | |aCaOODSP|beng |
| 043 | |an-cn--- |
| 086 | 1 |aA27-22E |
| 110 | 1 |aCanada.|bAgriculture and Agri-Food Canada. |bStrategic Policy Branch. |
| 245 | 10|aCanada: grains and oilseeds outlook / |cIssued by the Market Analysis Division. |
| 260 | |aWinnipeg - Manitoba : |bAgriculture and Agri-Food Canada. |
| 310 | |aMonthly |
| 500 | |aIncludes "Canada: supply and disposition for grains and oilseeds." |
| 563 | |aPamphlet |
| 690 | 07|aEdible oils and fats|2gcpds |
| 690 | 07|aGrains|2gcpds |
| 690 | 07|aMarket analysis|2gcpds |
| 775 | 08|tCanada: perspectives des céréales et oléagineux / |w(CaOODSP)9.512596 |
| 776 | 0#|tCanada : |w(CaOODSP)9.505708 |